Stati più popolati per continente - Statistics

Statistiche generali
  • Questo quiz è stato fatto 57 volte
  • Il punteggio medio è 5 su 6
Statistiche sulle risposte
Continente Popolazione (ab.) Stato % Corretto
America del Sud 216 559 417 Brasile
100%
Asia 1 429 459 726 India
94%
Oceania 25 750 198 Australia
92%
Europa 84 305 448 Germania
90%
Africa 223 139 589 Nigeria
85%
America del Nord 336 390 315 Stati Uniti d'America
50%
Nessun quiz corrispondente trovato
Distribuzione punteggi
Percentuale di utenti per punteggio
Percentile per numero di risposta
I tuoi punteggi nel tempo
Non hai fatto questo quiz